01899nam a22003377a 4500003000900000005001700009007000300026008004100029020001800070040002500088082002100113100004300134245007700177260003900254300003500293500007200328500005900400500006800459590002700527600010700554700003300661710003700694910004700731942001400778952014600792952015200938952015101090952015101241952015201392999001701544DO-SdBNP20221129133114.0ta110301s2022 dr c 000 0 spa d a9789945132168 aDO-SdBNPbspacBNPHU 4a320.5bG633e2221 aGómez, Maximiliano953018d1943-197110aEscritos políticos /cMaximiliano Gómez ; compilador, Carmen Mazara. aSanto Domingo :bMediabyte,c2022. a130 p. :bil., retrs.,c23 cm. aIncluye datos biográficos del autor en la solapa de la portada.  aComité de homenaje a Maximiliano Gómez (El Moreno) aEdición a cargo del Comité de Homenaje 2022 y Carmen Mazara aInventariado, 2022/ YL14aGómez, Maximiliano, d1943-1971xPensamiento político y social982892vEnsayos, conferencias, etc.12aMazara, Carmenecomp.98265112aComité de Homenaje 2022982652 aYLockward/Validado. Control de calidad MFF 2ddccLBS1 00102ddc51708PDaBNPHUbBNPHUcHDd2022-08-11eMaximiliano Gómez MazaraoBNPHU PD 320.5 G633ep2022-4719r2022-11-02w2022-11-02yLBS1 00102ddc51708PDaBNPHUbBNPHUcHDd2022-08-11eMaximiliano Gómez MazaraoBNPHU PD 320.5 G633ep2022-4720r2022-11-02te. 2w2022-11-02yLBS1 00102ddc56708DSaBNPHUbBNPHUcHDd2022-08-11eMaximiliano Gómez MazaraoBNPHU DS 320.5 G633ep2022-4721r2022-11-02te. 3w2022-11-02yLBS1 00102ddc56708DSaBNPHUbBNPHUcHDd2022-08-11eMaximiliano Gómez MazaraoBNPHU DS 320.5 G633ep2022-5151r2022-11-10te. 4w2022-11-02yLBS1 00102ddc56708DSaBNPHUbBNPHUcHDd2022-08-11eMaximiliano Gómez MazaraoBNPHU DS 320.5 G633ep2022-5152r2022-11-10te. 5w2022-11-02yLBS1 c52724d52724